[Event "S01"]
[Site "SchemingMind.com"]
[Date "2011.04.22"]
[Round "-"]
[White "BlackRussian"]
[Black "mi_di"]
[Result "1/2-1/2"]
[WhiteCountry "GBR"]
[BlackCountry "MEX"]
[WhiteElo "2179"]
[WhiteRD "64"]
[BlackElo "2303"]
[BlackRD "74"]
[GameID "281889"]

1. e4 e5 2. Nf3 Nc6 3. Bb5 a6 4. Ba4 Nf6 5. O-O Be7 6. Re1 b5 7. Bb3 O-O 8. Nc3 d6 9. h3 Na5 10. d3 Re8
11. Bg5 h6 12. Bxf6 Bxf6 13. Nd5 c6 14. Nxf6+ Qxf6 15. Re3 Nxb3 16. axb3 c5 17. Qd2 Be6 18. b4 cxb4 19. Qxb4 Rec8 20. Qxd6 Rxc2
21. b4 Rb2 22. Rxa6 Rxa6 23. Qxa6 Rxb4 24. Re1 Rb2 25. Qa3 Ra2 26. Qd6 Rb2 27. Qb8+ Kh7 28. Qxe5 Qxe5 29. Nxe5 f6 30. Nf3 b4
31. d4 b3 32. d5 Bd7 33. Nd4 Ba4 34. Ra1 Rd2 35. Rxa4 b2 36. Rb4 Rd1+ 37. Kh2 b1=Q 38. Rxb1 Rxb1 39. Kg3 Kg6 40. Kf3 Kf7
41. g3 g6 42. h4 Rd1=
1/2-1/2

[Event "S01"]
[Site "SchemingMind.com"]
[Date "2011.04.22"]
[Round "-"]
[White "mi_di"]
[Black "BlackRussian"]
[Result "1-0"]
[WhiteCountry "MEX"]
[BlackCountry "GBR"]
[WhiteElo "2303"]
[WhiteRD "74"]
[BlackElo "2179"]
[BlackRD "64"]
[GameID "281890"]

1. e4 c5 2. Nc3 Nc6 3. g3 g6 4. Bg2 Bg7 5. d3 e6 6. Be3 d6 7. Qd2 Nge7 8. Bh6 Bxh6 9. Qxh6 Ng8 10. Qd2 Nf6
11. f4 Nd4 12. O-O-O O-O 13. e5 dxe5 14. fxe5 Nd7 15. Re1 Rb8 16. Nge2 Qa5 17. Nxd4 cxd4 18. Ne4 Qxe5 19. Rhf1 Qc7 20. Qg5 Qd8
21. Qxd8 Rxd8 22. Nd6 f5 23. Rxe6 Nf8 24. Rf6 Be6 25. Nxb7 Re8 26. Bc6 Re7 27. Nc5 Kg7 28. Rxe6 Nxe6 29. Re1 Kf6 30. Rxe6+ Rxe6
31. Nd7+
1-0

[Event "S01"]
[Site "SchemingMind.com"]
[Date "2011.05.07"]
[Round "-"]
[White "krtsip"]
[Black "mi_di"]
[Result "0-1"]
[WhiteCountry "POL"]
[BlackCountry "MEX"]
[WhiteElo "1895"]
[WhiteRD "75"]
[BlackElo "2303"]
[BlackRD "74"]
[GameID "282979"]

1. Nf3 Nf6 2. g3 d5 3. Bg2 c6 4. O-O Bg4 5. c4 e6 6. cxd5 exd5 7. Ne5 Be6 8. d3 Nbd7 9. Nxd7 Qxd7 10. Re1 Bd6
11. e4 dxe4 12. dxe4 O-O-O 13. Nc3 h5 14. Qa4 Bc5 15. Be3 Bxe3 16. Rxe3 Qd4 17. Qxd4 Rxd4 18. Re2 h4
0-1

[Event "S01"]
[Site "SchemingMind.com"]
[Date "2011.05.07"]
[Round "-"]
[White "mi_di"]
[Black "krtsip"]
[Result "1-0"]
[WhiteCountry "MEX"]
[BlackCountry "POL"]
[WhiteElo "2303"]
[WhiteRD "74"]
[BlackElo "1895"]
[BlackRD "75"]
[GameID "282981"]

1. e4 e6 2. d4 d5 3. Nc3 Bb4 4. e5 c5 5. a3 Bxc3+ 6. bxc3 Ne7 7. Qg4 Kf8 8. Bd2 Qc7 9. Bd3 b6 10. Nh3 Ba6
11. Nf4 Qd7 12. Nh5 Ng6 13. Bxa6 Nxa6 14. O-O Rc8 15. f4 cxd4 16. f5 exf5 17. Rxf5
1-0

[Event "S01"]
[Site "SchemingMind.com"]
[Date "2011.05.02"]
[Round "-"]
[White "BlackRussian"]
[Black "krtsip"]
[Result "1-0"]
[WhiteCountry "GBR"]
[BlackCountry "POL"]
[WhiteElo "2179"]
[WhiteRD "64"]
[BlackElo "1895"]
[BlackRD "75"]
[GameID "282982"]

1. e4 e6 2. d4 d5 3. Nd2 c5 4. exd5 Qxd5 5. Ngf3 cxd4 6. Bc4 Qd6 7. O-O Nf6 8. Nb3 Nc6 9. Nbxd4 Nxd4 10. Nxd4 Bd7
11. Be3 a6 12. Qe2 Qc7 13. h3 Be7 14. Bd3 O-O 15. c3 Nd5 16. Bd2 Bf6 17. Rfd1 Rfd8 18. Qe4 g6 19. Qf3 Bg7 20. Be4 Be8
21. Bg5 Rd7 22. a4 b6 23. Nxe6
1-0

[Event "S01"]
[Site "SchemingMind.com"]
[Date "2011.05.16"]
[Round "-"]
[White "michel"]
[Black "mi_di"]
[Result "0-1"]
[WhiteCountry "CAN"]
[BlackCountry "MEX"]
[WhiteElo "1979"]
[WhiteRD "59"]
[BlackElo "2308"]
[BlackRD "80"]
[GameID "283804"]

1. Nf3 Nf6 2. c4 e6 3. g3 d5 4. Bg2 Be7 5. O-O O-O 6. d4 dxc4 7. Qc2 b5 8. a4 b4 9. Nbd2 Bb7 10. Nxc4 Be4
11. Qb3 c5 12. Be3 Nbd7 13. Rfd1 Nd5 14. dxc5 Nxc5 15. Bxc5 Bxc5 16. Rac1 Rc8 17. Nfe5 Bxg2 18. Kxg2 f5 19. e3 Qe7 20. Nd3 Rfd8
21. Nxc5 Qxc5 22. Nd2 Qxc1 23. Rxc1 Rxc1 24. e4 fxe4 25. Nxe4 h6 26. Qf3 Rc2 27. Qb3 Rdc8 28. Nd6 R8c6 29. Nb5 Rd2 30. Nxa7 Rc7
0-1

[Event "S01"]
[Site "SchemingMind.com"]
[Date "2011.05.16"]
[Round "-"]
[White "michel"]
[Black "krtsip"]
[Result "1/2-1/2"]
[WhiteCountry "CAN"]
[BlackCountry "POL"]
[WhiteElo "1979"]
[WhiteRD "59"]
[BlackElo "1894"]
[BlackRD "75"]
[GameID "283805"]

1. Nf3 f5 2. d4 Nf6 3. c4 g6 4. g3 Bg7 5. Bg2 O-O 6. O-O d6 7. b4 Qe8 8. Bb2 e5 9. dxe5 Ng4 10. Qb3 Nxe5
11. Nxe5 Bxe5 12. b5 Bxb2 13. Qxb2 Qe5 14. Qxe5 dxe5 15. Rd1 a6 16. Nc3 axb5 17. cxb5 c6 18. a4 Kf7 19. Rd6 e4 20. f3 exf3
21. Bxf3 cxb5 22. Nxb5 Ke7 23. Rc1 Rxa4 24. Rc7+ Bd7 25. Bxb7 Rf6 26. Rd5=
1/2-1/2

[Event "S01"]
[Site "SchemingMind.com"]
[Date "2011.05.16"]
[Round "-"]
[White "michel"]
[Black "BlackRussian"]
[Result "0-1"]
[WhiteCountry "CAN"]
[BlackCountry "GBR"]
[WhiteElo "2019"]
[WhiteRD "61"]
[BlackElo "2179"]
[BlackRD "64"]
[GameID "283806"]

1. Nf3 Nf6 2. c4 e6 3. g3 d5 4. Bg2 Be7 5. O-O O-O 6. d4 dxc4 7. Qc2 a6 8. a4 Nc6 9. Qxc4 Na5 10. Qc2 Nc6
11. Rd1 Nb4 12. Qb3 Qd5 13. Qxd5 exd5 14. Bf4 c6 15. Nc3 a5 16. Ne5 Nh5 17. Bd2 Nc2 18. e3 Nxa1 19. Rxa1 Nf6 20. Nd3 Bf5
21. Ne1 Bd6 22. Rc1 Rfe8 23. f3 h5 24. Kf2 g5 25. Bf1 Kg7 26. Bd3 Bxd3 27. Nxd3 g4 28. f4 Bb4 29. Nb1 Ne4+ 30. Ke2 h4
31. Bxb4 axb4
0-1

[Event "S01"]
[Site "SchemingMind.com"]
[Date "2011.05.16"]
[Round "-"]
[White "mi_di"]
[Black "michel"]
[Result "1-0"]
[WhiteCountry "MEX"]
[BlackCountry "CAN"]
[WhiteElo "2303"]
[WhiteRD "74"]
[BlackElo "2019"]
[BlackRD "61"]
[GameID "283807"]

1. e4 e5 2. Nf3 Nc6 3. Bb5 a6 4. Ba4 Nge7 5. d4 exd4 6. Bb3 Na5 7. Qxd4 Nxb3 8. axb3 Nc6 9. Qd3 d6 10. Nd4 Be7
11. Be3 O-O 12. Nc3 Ne5 13. Qe2 c5 14. Nf3 Bg4 15. h3 Nxf3+ 16. gxf3 Be6 17. O-O-O Qa5 18. Kb1 Rfc8 19. f4 f5 20. Rhg1 c4
21. b4 Qxb4 22. exf5 Bf7 23. Nd5 Bxd5 24. Bd2
1-0

[Event "S01"]
[Site "SchemingMind.com"]
[Date "2011.05.16"]
[Round "-"]
[White "krtsip"]
[Black "michel"]
[Result "1-0"]
[WhiteCountry "POL"]
[BlackCountry "CAN"]
[WhiteElo "1894"]
[WhiteRD "75"]
[BlackElo "1979"]
[BlackRD "59"]
[GameID "283808"]

1. Nf3 Nf6 2. g3 c5 3. Bg2 Nc6 4. O-O e5 5. c4 d5 6. cxd5 Nxd5 7. Nc3 Nc7 8. d3 Be7 9. Nd2 Bd7 10. Nc4 f6
11. Ne3 Qc8 12. Ned5 Ne6 13. a3 O-O 14. Rb1 Rf7 15. Bd2 Rb8 16. b4 Bf8 17. e3 Nc7 18. b5 Ne7 19. Nxc7 Qxc7 20. Qa4 b6
21. Qc4 Qd6 22. Ne4 Qe6 23. Qxe6 Bxe6 24. Nd6 Nf5 25. Nxf7 Kxf7 26. Bc3 Rc8 27. Rfc1 Rc7 28. a4 h5 29. h4 g6 30. Kf1 Bg7
31. Ke2 g5 32. hxg5 fxg5 33. Bf3 h4 34. gxh4 gxh4 35. Bc6 Ne7 36. Be4 Bf5 37. Bd2 Bxe4 38. dxe4 Nc8 39. Rh1 Bf6 40. Bc3 Nd6
41. f3 Ke6 42. Rbg1 Rh7 43. Rg4 Ne8 44. Be1
1-0

[Event "S01"]
[Site "SchemingMind.com"]
[Date "2011.05.16"]
[Round "-"]
[White "BlackRussian"]
[Black "michel"]
[Result "1-0"]
[WhiteCountry "GBR"]
[BlackCountry "CAN"]
[WhiteElo "2179"]
[WhiteRD "64"]
[BlackElo "2019"]
[BlackRD "61"]
[GameID "283809"]

1. e4 e5 2. Nf3 Nc6 3. Bb5 a6 4. Ba4 Nge7 5. c3 g6 6. d4 exd4 7. Nxd4 Bg7 8. O-O O-O 9. Bg5 f6 10. Bb3+ Kh8
11. Bh4 Nxd4 12. cxd4 d5 13. f3 Be6 14. Nc3 c6 15. Qd2 Qa5 16. Rae1 Rae8 17. Bg3 Nc8 18. exd5 Bxd5 19. Bxd5 cxd5 20. Rxe8 Rxe8
21. Re1 Re7 22. a3 Kg8 23. Rc1 Kf7 24. b4 Qd8 25. Nxd5 Qxd5 26. Rxc8 f5 27. Bf2 Rd7 28. Qc3 Ke7 29. Qe3+
1-0

[Event "S01"]
[Site "SchemingMind.com"]
[Date "2011.05.13"]
[Round "-"]
[White "Aumonde"]
[Black "mi_di"]
[Result "0-1"]
[WhiteCountry "USA"]
[BlackCountry "MEX"]
[WhiteElo "1977"]
[WhiteRD "70"]
[BlackElo "2311"]
[BlackRD "76"]
[GameID "283892"]

1. e4 e5 2. Nf3 Nc6 3. Bb5 a6 4. Ba4 Nf6 5. O-O Be7 6. Re1 b5 7. Bb3 O-O 8. c3 d6 9. h3 Nb8 10. d4 Nbd7
11. c4 c6 12. c5 Qc7 13. cxd6 Bxd6 14. Bg5 exd4 15. Bxf6 gxf6 16. Qxd4 Ne5 17. Nbd2 c5 18. Qc3 c4 19. Bc2 Kh8 20. Nd4 Rg8
21. Ne2 b4 22. Qe3 Bc5
0-1

[Event "S01"]
[Site "SchemingMind.com"]
[Date "2011.05.17"]
[Round "-"]
[White "Aumonde"]
[Black "krtsip"]
[Result "0-1"]
[WhiteCountry "USA"]
[BlackCountry "POL"]
[WhiteElo "1977"]
[WhiteRD "70"]
[BlackElo "1918"]
[BlackRD "80"]
[GameID "283893"]

1. c4 f5 2. d4 Nf6 3. Nc3 g6 4. Nf3 Bg7 5. Bf4 O-O 6. e3 d6 7. Bd3 c6 8. O-O Qe8 9. Bg3 h6 10. c5 d5
11. Qb3 Kh7 12. Rac1 Nbd7 13. Bc7 Ne4 14. Rfd1 e5 15. Ne2 Qe6 16. Qa3 Ng5 17. Nxg5+ hxg5 18. Bd6 e4 19. Bc2 Rh8 20. Nc3 Bh6
21. Qa5 f4 22. Re1 f3
0-1

[Event "S01"]
[Site "SchemingMind.com"]
[Date "2011.05.12"]
[Round "-"]
[White "Aumonde"]
[Black "BlackRussian"]
[Result "0-1"]
[WhiteCountry "USA"]
[BlackCountry "GBR"]
[WhiteElo "1977"]
[WhiteRD "70"]
[BlackElo "2191"]
[BlackRD "57"]
[GameID "283894"]

1. d4 Nf6 2. c4 e6 3. Nc3 d5 4. Nf3 Be7 5. Bg5 O-O 6. e3 h6 7. Bh4 Ne4 8. Bxe7 Qxe7 9. Rc1 Nc6 10. Be2 Nxc3
11. Rxc3 dxc4 12. Bxc4 Rd8 13. O-O Bd7 14. a3 e5 15. Qc2 exd4 16. exd4 Re8 17. Bd5 Rad8 18. Rc5 Qd6 19. Rc1 Re7 20. Qc3 Be8
21. b4 a6 22. h3 Qf4 23. g3 Qf6 24. Kg2 Bd7 25. Bb3 Na7
0-1

[Event "S01"]
[Site "SchemingMind.com"]
[Date "2011.05.17"]
[Round "-"]
[White "Aumonde"]
[Black "michel"]
[Result "1-0"]
[WhiteCountry "USA"]
[BlackCountry "CAN"]
[WhiteElo "2138"]
[WhiteRD "90"]
[BlackElo "1979"]
[BlackRD "59"]
[GameID "283895"]

1. f4 Nf6 2. Nc3 d5 3. d3 Bf5 4. e3 c6 5. Nf3 Nbd7 6. h3 h6 7. g4 Bh7 8. Bd2 e6 9. Qe2 b5 10. Qf2 b4
11. Ne2 Nc5 12. Ned4 Qc7 13. Ne5 a5 14. Ndxc6 Bd6 15. Nd4 Bxe5 16. Nb5 Qb8 17. fxe5 Qxb5 18. exf6 Nd7 19. fxg7 Rg8 20. e4 dxe4
21. Bg2 Rc8 22. O-O Qc5 23. d4 Qe7 24. Bxh6 f6 25. a3
1-0

[Event "S01"]
[Site "SchemingMind.com"]
[Date "2011.05.13"]
[Round "-"]
[White "mi_di"]
[Black "Aumonde"]
[Result "1-0"]
[WhiteCountry "MEX"]
[BlackCountry "USA"]
[WhiteElo "2311"]
[WhiteRD "76"]
[BlackElo "1977"]
[BlackRD "70"]
[GameID "283896"]

1. e4 e5 2. Nf3 Nc6 3. Bb5 Bc5 4. O-O Nge7 5. c3 Bb6 6. d4 exd4 7. cxd4 d5 8. exd5 Nxd5 9. Re1+ Be6 10. Bg5 Qd6
11. Nbd2 O-O 12. Nc4 Qb4 13. Bxc6 bxc6 14. Rc1 Rfe8 15. Bd2 Qf8 16. a4 a5 17. Nfe5 Bxd4 18. Nxc6 Bf6 19. N6xa5 Ra6 20. Qf3 Rea8
21. b3 Qb8 22. Re2
1-0

[Event "S01"]
[Site "SchemingMind.com"]
[Date "2011.05.17"]
[Round "-"]
[White "krtsip"]
[Black "Aumonde"]
[Result "0-1"]
[WhiteCountry "POL"]
[BlackCountry "USA"]
[WhiteElo "1894"]
[WhiteRD "75"]
[BlackElo "2138"]
[BlackRD "90"]
[GameID "283897"]

1. Nf3 d5 2. c4 c6 3. d4 Nf6 4. Nc3 dxc4 5. Ne5 Nbd7 6. Nxc4 b5 7. Ne3 Bb7 8. g3 b4 9. Na4 c5 10. d5 e6
11. Bg2 Qc7 12. O-O O-O-O 13. dxe6 fxe6 14. Qb3 Bxg2 15. Kxg2 Qc6+ 16. Kg1 Ne5
0-1

[Event "S01"]
[Site "SchemingMind.com"]
[Date "2011.05.12"]
[Round "-"]
[White "BlackRussian"]
[Black "Aumonde"]
[Result "1-0"]
[WhiteCountry "GBR"]
[BlackCountry "USA"]
[WhiteElo "2191"]
[WhiteRD "57"]
[BlackElo "1977"]
[BlackRD "70"]
[GameID "283898"]

1. e4 Nf6 2. e5 Nd5 3. d4 d6 4. Nf3 Bg4 5. Be2 e6 6. O-O Be7 7. c4 Nb6 8. Nc3 O-O 9. Re1 dxe5 10. Nxe5 Bxe2
11. Rxe2 N8d7 12. Nxd7 Qxd7 13. b3 Rad8 14. Be3 f5 15. g3 Qc6 16. Qc2 Bf6 17. Rd1 Rfe8 18. a4 g6 19. a5 Nc8 20. d5 exd5
21. Nxd5 Bg7 22. b4 Nd6 23. c5 Nf7 24. b5 Qxb5 25. Nxc7 Qxa5 26. Nxe8 Rxe8 27. Qb3 Qc7 28. Bf4
1-0

[Event "S01"]
[Site "SchemingMind.com"]
[Date "2011.05.17"]
[Round "-"]
[White "michel"]
[Black "Aumonde"]
[Result "1-0"]
[WhiteCountry "CAN"]
[BlackCountry "USA"]
[WhiteElo "2009"]
[WhiteRD "64"]
[BlackElo "1977"]
[BlackRD "70"]
[GameID "283899"]

1. Nf3 Nf6 2. c4 c6 3. d4 d5 4. Qc2 g6 5. Bf4 Bg7 6. e3 O-O 7. Nc3 Bf5 8. Qb3 b6 9. Be2 dxc4 10. Bxc4 b5
11. Be2 a5 12. Qd1 Nh5 13. Bg5 h6 14. Bh4 g5 15. g4 Bxg4 16. Nxg5 Bxe2 17. Qxe2 hxg5 18. Qxh5 gxh4 19. Rg1 f5 20. Rxg7+ Kxg7
21. O-O-O Kf6 22. e4 Qc8 23. Qh6+= Kf7 24. Qh5+ Ke6 25. d5+ Kd7 26. dxc6+ Kxc6 27. Qe2 Kc7 28. Qxb5 Nd7 29. e5 Nb6 30. Kb1
1-0

[Event "S01"]
[Site "SchemingMind.com"]
[Date "2011.05.14"]
[Round "-"]
[White "Yellow"]
[Black "Aumonde"]
[Result "1-0"]
[WhiteCountry "INT"]
[BlackCountry "USA"]
[WhiteElo "2278"]
[WhiteRD "68"]
[BlackElo "1977"]
[BlackRD "70"]
[GameID "284034"]

1. Nf3 d5 2. d4 Nf6 3. c4 dxc4 4. Nc3 c6 5. a4 Bf5 6. Ne5 Nbd7 7. Nxc4 Qc7 8. g3 e5 9. dxe5 Nxe5 10. Bf4 Rd8
11. Qc1 Bd6 12. Nxd6+ Qxd6 13. Bg2 a5 14. O-O O-O 15. Nd1 Qe6 16. Qc3 Ng6 17. Bg5 Nd5 18. Qxa5 f6 19. Bc1 Qxe2 20. Nc3 Nxc3
21. Qxf5 Nd5 22. b4 Rfe8 23. b5 Ne5 24. bxc6 bxc6 25. a5 Ra8 26. f4 Qc4 27. fxe5 Qd4+ 28. Qf2
1-0

[Event "S01"]
[Site "SchemingMind.com"]
[Date "2011.05.14"]
[Round "-"]
[White "Yellow"]
[Black "mi_di"]
[Result "1/2-1/2"]
[WhiteCountry "INT"]
[BlackCountry "MEX"]
[WhiteElo "2228"]
[WhiteRD "73"]
[BlackElo "2303"]
[BlackRD "74"]
[GameID "284035"]

1. Nf3 Nf6 2. c4 e6 3. g3 d5 4. Bg2 Be7 5. d4 O-O 6. O-O dxc4 7. Qc2 b5 8. a4 b4 9. Ne5 Qxd4 10. Bxa8 Qxe5
11. Bf3 Ba6 12. Bf4 Qc5 13. Be3 Qa5 14. Nd2 b3 15. Qc1 Qb4 16. Rd1 Nd5 17. Nb1 Nxe3 18. Qxe3 Bf6 19. Nc3 Bxc3 20. bxc3 Qb6
21. Rd4 c5 22. Rd2 Nc6 23. Rd6 Bb7 24. Rad1 Ba8 25. Be4 Re8=
1/2-1/2

[Event "S01"]
[Site "SchemingMind.com"]
[Date "2011.05.19"]
[Round "-"]
[White "Yellow"]
[Black "krtsip"]
[Result "1-0"]
[WhiteCountry "INT"]
[BlackCountry "POL"]
[WhiteElo "2228"]
[WhiteRD "73"]
[BlackElo "1895"]
[BlackRD "75"]
[GameID "284036"]

1. Nf3 f5 2. d4 Nf6 3. g3 g6 4. c4 Bg7 5. Bg2 O-O 6. Nc3 d6 7. O-O Qe8 8. Nd5 Na6 9. Nxf6+ Bxf6 10. Bh6 Bg7
11. Qd2 e6 12. Bxg7 Kxg7 13. Rfe1 Bd7 14. e4
1-0

[Event "S01"]
[Site "SchemingMind.com"]
[Date "2011.05.14"]
[Round "-"]
[White "Yellow"]
[Black "BlackRussian"]
[Result "1/2-1/2"]
[WhiteCountry "INT"]
[BlackCountry "GBR"]
[WhiteElo "2278"]
[WhiteRD "68"]
[BlackElo "2191"]
[BlackRD "57"]
[GameID "284037"]

1. Nf3 c5 2. c4 Nc6 3. g3 Nf6 4. Nc3 g6 5. b3 Bg7 6. Bg2 O-O 7. Bb2 d5 8. cxd5 Nxd5 9. Qc1 Nxc3 10. Bxc3 Nd4
11. e3 Bh3 12. Bxh3 Nxf3+ 13. Ke2 Ne5 14. f4 Nd3 15. Qc2 Nb4 16. Qe4 Nc6 17. Bxg7 Kxg7 18. Rac1 Qd6 19. Qd3 b6 20. a3 Rad8
21. Qxd6 exd6 22. Bg2 Ne7= 23. Rhd1 h5 24. d4 Rfe8 25. dxc5 dxc5 26. Rxd8 Rxd8 27. b4 cxb4 28. axb4 Rd7 29. b5 Nd5 30. h3 Kf6
31. Kf3 Nb4 32. Bf1 Ke7 33. Rc8 Nd3 34. g4 hxg4+ 35. hxg4 Nc5 36. g5 Ne6 37. Bc4 Rd1 38. Rc6 Rc1 39. Ke2 Rc2+=
1/2-1/2

[Event "S01"]
[Site "SchemingMind.com"]
[Date "2011.05.18"]
[Round "-"]
[White "Yellow"]
[Black "michel"]
[Result "1-0"]
[WhiteCountry "INT"]
[BlackCountry "CAN"]
[WhiteElo "2228"]
[WhiteRD "73"]
[BlackElo "2019"]
[BlackRD "61"]
[GameID "284038"]

1. Nf3 Nf6 2. c4 c5 3. Nc3 d5 4. cxd5 Nxd5 5. e4 Nb4 6. Bc4 Nd3+ 7. Ke2 Nf4+ 8. Kf1 Be6 9. Bb5+ Bd7 10. d4 cxd4
11. Qxd4 Ng6 12. h4 h5 13. Bxd7+ Nxd7 14. Bg5 f6 15. Be3 Nge5 16. Nxe5 Nxe5 17. Qa4+ Kf7 18. Rd1 Qc8 19. Bf4 Nc6 20. Qb3+ Kg6
21. Rh3 Kh7 22. Rhd3 e5 23. Be3 Be7 24. Rd7 Rd8 25. Qxb7 Qxb7 26. Rxb7
1-0

[Event "S01"]
[Site "SchemingMind.com"]
[Date "2011.05.14"]
[Round "-"]
[White "Aumonde"]
[Black "Yellow"]
[Result "0-1"]
[WhiteCountry "USA"]
[BlackCountry "INT"]
[WhiteElo "1977"]
[WhiteRD "70"]
[BlackElo "2278"]
[BlackRD "68"]
[GameID "284039"]

1. d4 d5 2. c4 c6 3. Nf3 Nf6 4. Nc3 e6 5. e3 Nbd7 6. Bd3 dxc4 7. Bxc4 b5 8. Bd3 a6 9. e4 c5 10. d5 c4
11. dxe6 cxd3 12. exd7+ Qxd7 13. Bg5 Bb7 14. O-O Be7 15. e5 Ne4 16. Bxe7 Kxe7 17. Nxe4 Bxe4 18. Ng5 Bg6 19. Qd2 Rhc8 20. Rfe1 Kf8
21. e6 fxe6 22. Nxe6+ Kg8 23. Rad1 Bf5 24. Ng5 Rc2 25. Qb4 Qd5 26. Qe7 Rf8 27. Re5 Qd7 28. Qb4 Qc6
0-1

[Event "S01"]
[Site "SchemingMind.com"]
[Date "2011.05.15"]
[Round "-"]
[White "mi_di"]
[Black "Yellow"]
[Result "1/2-1/2"]
[WhiteCountry "MEX"]
[BlackCountry "INT"]
[WhiteElo "2311"]
[WhiteRD "76"]
[BlackElo "2278"]
[BlackRD "68"]
[GameID "284040"]

1. e4 e5 2. Nf3 Nc6 3. Bb5 a6 4. Ba4 Nf6 5. O-O b5 6. Bb3 Bc5 7. a4 Bb7 8. d3 d6 9. Nc3 b4 10. Nd5 Na5
11. Bg5 Nxb3 12. Bxf6 gxf6 13. cxb3 f5 14. Rc1 Rg8 15. a5 c6 16. Ne3 fxe4 17. dxe4 Qf6 18. Nf5 O-O-O 19. Re1 Kb8 20. Qd3 Bc8
21. Red1 Kb7 22. N3h4 Qg5 23. g3 Ka7 24. Qc2 Kb8 25. Qc4 Qf6 26. Rd3 Rd7 27. Rcd1 Kc7 28. Rf3=
1/2-1/2

[Event "S01"]
[Site "SchemingMind.com"]
[Date "2011.05.19"]
[Round "-"]
[White "krtsip"]
[Black "Yellow"]
[Result "0-1"]
[WhiteCountry "POL"]
[BlackCountry "INT"]
[WhiteElo "1895"]
[WhiteRD "75"]
[BlackElo "2228"]
[BlackRD "73"]
[GameID "284041"]

1. Nf3 Nf6 2. c4 g6 3. g3 Bg7 4. Bg2 O-O 5. O-O d5 6. cxd5 Nxd5 7. Nc3 Nc6 8. d4 Nb6 9. d5 Na5 10. Qc2 Nxd5
11. Rd1 c6 12. Ne1 Bd7 13. Nxd5 cxd5 14. Rxd5 e6
0-1

[Event "S01"]
[Site "SchemingMind.com"]
[Date "2011.05.14"]
[Round "-"]
[White "BlackRussian"]
[Black "Yellow"]
[Result "0-1"]
[WhiteCountry "GBR"]
[BlackCountry "INT"]
[WhiteElo "2188"]
[WhiteRD "59"]
[BlackElo "2354"]
[BlackRD "63"]
[GameID "284042"]

1. e4 e5 2. Nf3 Nf6 3. Nxe5 d6 4. Nf3 Nxe4 5. d4 d5 6. Bd3 Nc6 7. O-O Be7 8. Nc3 Nf6 9. h3 Nb4 10. Ne5 Nxd3
11. Qxd3 O-O 12. Bg5 c6 13. Rae1 Re8 14. Re3 Qc7 15. Rfe1 Be6 16. f4 h6 17. Bh4 Ng4 18. Nxg4 Bxh4 19. R1e2 Rf8 20. Ne5 Rae8
21. Nd1 Qc8 22. g4 Qd8 23. Nf2 Bc8 24. Kg2 Re6 25. Qa3 Rfe8 26. f5 R6e7 27. Nf3 Rxe3 28. Rxe3 Rxe3 29. Qxe3 Be7 30. Nd3 Bf8
31. Nf4 b6 32. c3 a5 33. Kf2 a4 34. Ne5 Qd6 35. Kf3 Bb7 36. Qd3 a3 37. b4 Qc7 38. Qe2= Bd6 39. Ned3 Qd8 40. Ne5 Qc8
41. Qe3 c5 42. bxc5 bxc5 43. h4 Bf8 44. Nh5 cxd4 45. cxd4 Bd6 46. f6 g6 47. Nf4 Ba6 48. Kg3 Qc2 49. Nxd5 Bf1 50. Ne7+ Kh7
51. Qf2 Qc3+ 52. Kf4 Bc4
0-1

[Event "S01"]
[Site "SchemingMind.com"]
[Date "2011.05.19"]
[Round "-"]
[White "michel"]
[Black "Yellow"]
[Result "1-0"]
[WhiteCountry "CAN"]
[BlackCountry "INT"]
[WhiteElo "2009"]
[WhiteRD "64"]
[BlackElo "2278"]
[BlackRD "68"]
[GameID "284043"]

1. Nf3 Nf6 2. c4 c5 3. Nc3 d5 4. cxd5 Nxd5 5. d4 e6 6. e4 Nxc3 7. bxc3 cxd4 8. cxd4 Bb4+ 9. Bd2 Bxd2+ 10. Qxd2 O-O
11. Bc4 Nd7 12. O-O Nf6 13. Rfe1 b6 14. Rad1 Bb7 15. Qf4 Rc8 16. Bb3 Qc7 17. Qh4 h6 18. d5 exd5 19. e5 Ne4 20. Bxd5 Bxd5
21. Rxd5 Nc3 22. Rd4 Nxa2 23. Rg4 Kh8 24. h3 Rfe8 25. Ree4 Qc1+ 26. Kh2 Nc3 27. Ref4 Rf8 28. Rxg7 Qxf4+ 29. Qxf4 Kxg7 30. Qf6+ Kh7
31. Nh4 Nd5 32. Qf5+ Kh8 33. e6 fxe6 34. Qxe6 Nf6 35. Ng6+ Kg7 36. Nxf8 Rxf8 37. f4 Re8 38. Qa2 Re7 39. g4 Rf7 40. f5 Re7
41. Kg3 Kf8 42. Qa3 Ne4+ 43. Kf4 Nf6 44. Qd6 Kf7 45. Kf3 a5 46. Qxb6 a4 47. h4 Re5 48. Qc7+ Re7 49. Qc4+ Kf8 50. Qxa4 Rg7
51. Qf4 Kg8 52. g5 hxg5 53. hxg5
1-0

[Event "S01"]
[Site "SchemingMind.com"]
[Date "2011.05.24"]
[Round "-"]
[White "otsenrechess"]
[Black "Aumonde"]
[Result "1-0"]
[WhiteCountry "HUN"]
[BlackCountry "USA"]
[WhiteElo "2318"]
[WhiteRD "63"]
[BlackElo "1977"]
[BlackRD "70"]
[GameID "284878"]

1. e4 e6 2. d4 d5 3. Nc3 Bb4 4. e5 c5 5. a3 Bxc3+ 6. bxc3 Ne7 7. Qg4 Qc7 8. Qxg7 Rg8 9. Qxh7 cxd4 10. Ne2 Nbc6
11. f4 dxc3 12. Qd3 Bd7 13. Qxc3
1-0

[Event "S01"]
[Site "SchemingMind.com"]
[Date "2011.05.25"]
[Round "-"]
[White "otsenrechess"]
[Black "mi_di"]
[Result "1-0"]
[WhiteCountry "HUN"]
[BlackCountry "MEX"]
[WhiteElo "2301"]
[WhiteRD "51"]
[BlackElo "2292"]
[BlackRD "81"]
[GameID "284879"]

1. d4 d5 2. c4 c6 3. Nc3 Nf6 4. Nf3 a6 5. e3 e6 6. b3 Bb4 7. Bd2 Nbd7 8. Bd3 O-O 9. O-O Bd6 10. Qc2 h6
11. Rfe1 Re8 12. h3 e5 13. cxd5 cxd5 14. e4 exd4 15. Nxd5 Ne5 16. Nxe5 Rxe5 17. f4 Nxd5 18. fxe5 Nb4 19. Bxb4 Bxb4 20. Rf1 Be6
21. Bc4 Rc8 22. Qd3 Qg5 23. Bxe6 fxe6 24. Kh1 Qxe5 25. Rac1 Rc3 26. Rxc3 dxc3 27. Rc1 Bd6 28. g3 Qh5 29. Rxc3 Qxh3+ 30. Kg1 Be5
31. Rc8+ Kh7 32. Rc2 g5 33. Rc8 Kg6 34. Re8 Bxg3 35. e5+ Kh5 36. Qf3+ Kg6 37. Rg8+
1-0

[Event "S01"]
[Site "SchemingMind.com"]
[Date "2011.05.24"]
[Round "-"]
[White "otsenrechess"]
[Black "krtsip"]
[Result "1-0"]
[WhiteCountry "HUN"]
[BlackCountry "POL"]
[WhiteElo "2309"]
[WhiteRD "76"]
[BlackElo "1894"]
[BlackRD "75"]
[GameID "284880"]

1. e4 e6 2. d4 d5 3. Nc3 Bb4 4. e5 c5 5. a3 Bxc3+ 6. bxc3 Ne7 7. Qg4 Kf8 8. a4 b6 9. Nf3 h6 10. a5 Ba6
11. Bxa6 Nxa6 12. axb6 axb6 13. O-O Kg8 14. Bd2 Kh7 15. Qh5 Rf8 16. g4
1-0

[Event "S01"]
[Site "SchemingMind.com"]
[Date "2011.05.28"]
[Round "-"]
[White "otsenrechess"]
[Black "Yellow"]
[Result "0-1"]
[WhiteCountry "HUN"]
[BlackCountry "INT"]
[WhiteElo "2315"]
[WhiteRD "53"]
[BlackElo "2354"]
[BlackRD "63"]
[GameID "284881"]

1. e4 e5 2. Nf3 Nc6 3. Bb5 a6 4. Ba4 Nf6 5. O-O Bc5 6. c3 b5 7. Bc2 d5 8. d4 dxe4 9. Nxe5 Nxe5 10. dxe5 Qxd1
11. Rxd1 Ng4 12. Bxe4 Nxf2 13. Bc6+ Ke7 14. Rd5 Bb6 15. Bxa8 Nd3+ 16. Kf1 Nxc1 17. Na3 Be6 18. Rxc1 Rxa8 19. Rd3 Bf5 20. Rdd1 Bg4
21. Re1 Rd8 22. h3 Bf5 23. g4 Bg6 24. Rcd1 Bd3+ 25. Kg2 c5 26. Kg3 Bc7 27. Kf2 Ke6 28. Rd2 Bg6 29. Rxd8 Bxd8 30. Rd1 Bh4+
31. Ke2 Be7 32. Kf3 Kxe5 33. Rd7 Bg5
0-1